000 00545nam a22001697a 4500
005 20250129103002.0
008 250129b |||||||| |||| 00| 0 eng d
041 _aeng
082 _a712
_bDEG
100 _aDegvekar Devashree
_9211182
245 _aInterwoven Waters: Integrated Landscape Strategies For Coimbatore Lake System
260 _aPune
_bBNCA M Arch Landscsape Architecture
_c28/01/2025
300 _a83pages
_bPb
_c29.5 x 29.5
365 _aINR
_b150.00
_cRupaye
500 _aBNCA M Arch Landscape ARchitecture Thesis
942 _cPR
999 _c364908
_d364908